Introduction to biomedical engineering (Record no. 60391)

000 -LEADER
fixed length control field 01485cam a2200349 a 4500
001 - CONTROL NUMBER
control field 3562060
003 - CONTROL NUMBER IDENTIFIER
control field NUST-PNEC
005 - DATE AND TIME OF LATEST TRANSACTION
control field 20170116180656.0
008 - FIXED-LENGTH DATA ELEMENTS--GENERAL INFORMATION
fixed length control field 980812s2000 caua b 001 0 eng
010 ## - LIBRARY OF CONGRESS CONTROL NUMBER
LC control number 98038976
020 ## - INTERNATIONAL STANDARD BOOK NUMBER
International Standard Book Number 0122386604
040 ## - CATALOGING SOURCE
Original cataloging agency DLC
Transcribing agency PNEC
Modifying agency DLC
050 00 - LIBRARY OF CONGRESS CALL NUMBER
Classification number R856
Item number .I47 2000
082 00 - DEWEY DECIMAL CLASSIFICATION NUMBER
Classification number 610.28 END
100 ## - MAIN ENTRY--PERSONAL NAME
9 (RLIN) 231
Personal name Enderle, John
245 00 - TITLE STATEMENT
Title Introduction to biomedical engineering
Statement of responsibility, etc. [editors] John D. Enderle, Susan M. Blanchard, Joseph D. Bronzino.
246 30 - VARYING FORM OF TITLE
Title proper/short title Biomedical engineering
260 ## - PUBLICATION, DISTRIBUTION, ETC.
Place of publication, distribution, etc. San Diego :
Name of publisher, distributor, etc. Academic Press,
Date of publication, distribution, etc. c2000.
300 ## - PHYSICAL DESCRIPTION
Extent xvii, 1062 p. :
Other physical details ill. ;
Dimensions 24 cm.
440 #0 - SERIES STATEMENT/ADDED ENTRY--TITLE
Title Academic Press series in biomedical engineering
500 ## - GENERAL NOTE
General note Includes Index http://www.amazon.com/Introduction-Biomedical-Engineering-John-Enderle/dp/0122386604/ref=sr_1_1?s=books&ie=UTF8&qid=1409388550&sr=1-1&keywords=0122386604
504 ## - BIBLIOGRAPHY, ETC. NOTE
Bibliography, etc. note Includes bibliographical references and index.
650 #0 - SUBJECT ADDED ENTRY--TOPICAL TERM
Topical term or geographic name entry element Biomedical engineering.
General subdivision MIS
700 1# - ADDED ENTRY--PERSONAL NAME
Personal name Enderle, John D.
Fuller form of name (John Denis)
700 1# - ADDED ENTRY--PERSONAL NAME
Personal name Blanchard, Susan M.
700 1# - ADDED ENTRY--PERSONAL NAME
Personal name Bronzino, Joseph D.,
Dates associated with a name 1937-
856 42 - ELECTRONIC LOCATION AND ACCESS
Materials specified Publisher description
Uniform Resource Identifier <a href="http://www.loc.gov/catdir/description/els033/98038976.html">http://www.loc.gov/catdir/description/els033/98038976.html</a>
856 41 - ELECTRONIC LOCATION AND ACCESS
Materials specified Table of contents
Uniform Resource Identifier <a href="http://www.loc.gov/catdir/toc/els032/98038976.html">http://www.loc.gov/catdir/toc/els032/98038976.html</a>
906 ## - LOCAL DATA ELEMENT F, LDF (RLIN)
a 7
b cbc
c orignew
d 1
e ocip
f 19
g y-gencatlg
942 ## - ADDED ENTRY ELEMENTS (KOHA)
Source of classification or shelving scheme
Koha item type Book
Holdings
Withdrawn status Lost status Source of classification or shelving scheme Damaged status Not for loan Permanent Location Current Location Date acquired Source of acquisition Cost, normal purchase price Total Checkouts Full call number Barcode Date last seen Cost, replacement price Price effective from Koha item type
          Pakistan Navy Engineering College (PNEC) Pakistan Navy Engineering College (PNEC) 10/29/2007 Vanguard Books Pvt. Ltd 6525.00   610.28 END PNECLIB-028508 08/30/2014 6525.00 10/29/2007 Book
© 2023 Central Library, National University of Sciences and Technology. All Rights Reserved.